000 00871nam a2200325Ia 4500
001 8233
005 20240113234057.0
007 ta
008 050718s1996 a g b000 u eng u
020 _a81-203-0519-1
040 _aCotton College,Assam
041 _aeng
082 _a910.133
_bHa 212 Ec
100 _aHartshorn, Truman A..
245 0 _aEconomic Geography /
_cTruman A. Hartshorn & J.W.Alexander.
_hTextual Documents
250 _a3rd ed. /
260 _aNew Delhi :
_bPrentice-Hall of India(Pvt Ltd) ,
_c1996.
300 _a383p. :
_bill ;
_c26cm .
504 _aIndex
653 _aGeography-Economic
653 _aEconomic geography
653 _aPG-Geography
700 _aAlexander, J.W..
942 _2ddc
_cBK
999 _c8220
_d8220